000 00700nam a22001937a 4500
003 LK-CoDNM
005 20241016100233.0
008 241016b |||||||| |||| 00| 0 eng d
040 _aLK-CoDNM
_dLK-CoDNM
_eLK-CoDNM
041 _asin
080 _aප්‍ර න
_b7
100 _aඅදිකාරම් ඊ ඩබ්ලිව්
245 _aනවින විද්‍යාව මාසික සඟරාව
_b1951 ජනවාරි - දෙසැම්බර්
260 _c1951
300 _a90p. : 22 cm
650 _aනවින විද්‍යාව මාසික සඟරාව
650 _a1951 ජනවාරි - දෙසැම්බර්
942 _cBK
999 _c219617
_d219617